000 00623nam a22002297a 4500
001 00028904
005 20260425103514.0
008 260425b ag ||||| |||| 00| 0 spa d
020 _a8441308691
040 _aAR-CcCEOS
_bspa
_cAR-CcCEOS
041 _aspa
080 _a938:7
090 _bCAS v.2
100 1 _aCasson, Lionel,
_d1914-2009
_91113
245 _aLos conquistadores griegos :
_bVolumen II /
_cLionel Casson
264 _aBarcelona :
_bFolio,
_c1998.
300 _a176 p. ;
_c24x18 cm.
490 _vAtlas culturales del mundo
650 0 _ahistoria
_990
655 0 _aarte
_9138
942 _2udc
_cBK
_n0
999 _c28954
_d28954